000 00562nam a22001697a 4500
005 20250326141105.0
008 250326b |||||||| |||| 00| 0 eng d
020 _a9781785363436
041 _aEng.
082 _a338.04 PHA
100 _aPhan, Phillip H.
245 _aAcademic Entrepreneurship: Translating Discoveries to the Marketplace
260 _aUK
_b Edward Elgar Publishing Ltd
_c2016
300 _a266;. P. 23 cm
650 _aHigh Technology Industries; Business And Education; Entrepreneurship; Academic-Industrial Collaboration
942 _cBK
999 _c43410
_d43410